[Event "P-3630"]
[Site "IECC email"]
[Date "2004.02.25"]
[Round "?"]
[White "Embrechts, Wim"]
[Black "Weggen, Rick"]
[Result "1-0"]
[WhiteElo "1392"]
[BlackElo "1777"]
[PlyCount "101"]
[EventDate "2004.??.??"]
[EventType "tourn (corr)"]
[SourceTitle "Corr 2020"]
[Source "ChessBase"]
[SourceDate "2019.09.30"]
[SourceVersion "1"]
[SourceVersionDate "2019.09.30"]
[SourceQuality "1"]
[WhiteTeam "Belgium"]
[BlackTeam "Netherlands"]
[WhiteTeamCountry "BEL"]
[BlackTeamCountry "NED"]

1. e4 g6 2. Nf3 Bg7 3. Nc3 d6 4. Bc4 Nd7 5. Bxf7+ Kf8 6. Ng5 Ne5 7. Ne6+ Bxe6 8. Bxe6 Nc6 9. 0-0 Nd4 10. Bh3 Nf6 11. d3 Qe8 12. Be3 c5 13. b4 cxb4 14. Bxd4 e5 15. Ne2 exd4 16. Nxd4 Ng4 17. Qxg4 Bxd4 18. Rab1 a5 19. Qf4+ Kg7 20. Qxd6 Rd8 21. Qc7+ Qf7 22. Qxa5 Bc3 23. Qa4 Ra8 24. Qb3 Ra3 25. Qxf7+ Kxf7 26. Bd7 Ra5 27. g3 Rxa2 28. Rfc1 Rha8 29. Bb5 Ra1 30. Bc4+ Ke7 31. Bd5 Rxb1 32. Rxb1 Ra7 33. f4 b6 34. Kf2 Ra1 35. Rxa1 Bxa1 36. Ke3 Bc3 37. e5 Bb2 38. Be4 Bc1+ 39. Kf3 Bb2 40. h4 Bd4 41. g4 Kf8 42. Bxg6 hxg6 43. Ke4 Bc5 44. f5 Kf7 45. d4 gxf5+ 46. gxf5 Bf8 47. d5 Be7 48. f6 b3 49. cxb3 Bb4 50. h5 Bf8 51. Kf5 1-0

[Event "IECC Swiss-461.3"]
[Site "IECC email"]
[Date "2004.02.17"]
[Round "?"]
[White "Embrechts, Wim"]
[Black "Bladyko, Pawel"]
[Result "0-1"]
[WhiteElo "1395"]
[BlackElo "1800"]
[PlyCount "68"]
[EventDate "2004.??.??"]
[EventType "swiss (corr)"]
[EventRounds "1"]
[SourceTitle "Corr 2020"]
[Source "ChessBase"]
[SourceDate "2019.09.30"]
[SourceVersion "1"]
[SourceVersionDate "2019.09.30"]
[SourceQuality "1"]
[WhiteTeam "Belgium"]
[BlackTeam "Poland"]
[WhiteTeamCountry "BEL"]
[BlackTeamCountry "POL"]

1. e4 e5 2. Nf3 Nc6 3. d4 exd4 4. Nxd4 Nxd4 5. Qxd4 Ne7 6. Bc4 Nc6 7. Qd5 Qf6 8. 0-0 Ne5 9. Nd2 Be7 10. f4 Nxc4 11. Nxc4 0-0 12. e5 Qc6 13. Rd1 Qxd5 14. Rxd5 f6 15. a4 fxe5 16. fxe5 Kf7 17. Be3 Ke6 18. Rad1 b6 19. b3 a6 20. c3 Rb8 21. b4 b5 22. Nb2 Rf5 23. R5d2 bxa4 24. Nxa4 a5 25. bxa5 Rb5 26. Nb2 Rxa5 27. Nd3 g5 28. c4 Ba6 29. g4 Rf3 30. Bd4 Bxc4 31. Nf2 Bd5 32. Rc1 Bb4 33. Rdc2 Ra4 34. Rf1 Ba3 0-1

[Event "IECC CL6-2003.27 email"]
[Site "IECC email"]
[Date "2003.11.28"]
[Round "?"]
[White "Chan, Chi Loon Jake"]
[Black "Embrechts, Wim"]
[Result "0-1"]
[WhiteElo "1308"]
[BlackElo "1336"]
[PlyCount "58"]
[EventDate "2003.??.??"]
[EventType "tourn (corr)"]
[EventRounds "4"]
[SourceTitle "Corr 2008"]
[Source "ChessBase"]
[SourceDate "2008.06.24"]
[SourceVersion "1"]
[SourceVersionDate "2008.06.24"]
[SourceQuality "1"]

1. e4 c5 2. Nc3 Nc6 3. Nf3 Nf6 4. Bc4 Na5 5. b3 Nxe4 6. Nxe4 Nxc4 7. bxc4 d5 8. Nxc5 e5 9. d4 exd4 10. Qe2+ Qe7 11. Qxe7+ Bxe7 12. Ba3 b6 13. 0-0 Bxc5 14. Bxc5 bxc5 15. Rfe1+ Kf8 16. cxd5 Bb7 17. d6 Bxf3 18. gxf3 Rd8 19. Rab1 g6 20. Rb7 Rxd6 21. Ree7 Rf6 22. Kg2 a6 23. Kg3 Kg7 24. Ra7 Rb8 25. Re5 Rb1 26. Kg2 Rf5 27. Rxa6 Rxe5 28. a4 Rg5+ 29. Kh3 Rbg1 0-1

[Event "IECC Swiss email"]
[Site "IECC email"]
[Date "2003.09.24"]
[Round "?"]
[White "Leenders, Chris"]
[Black "Embrechts, Wim"]
[Result "1-0"]
[WhiteElo "1770"]
[BlackElo "1243"]
[PlyCount "101"]
[EventDate "2003.??.??"]
[EventType "tourn (corr)"]
[EventRounds "6"]
[SourceTitle "Corr 2008"]
[Source "ChessBase"]
[SourceDate "2008.06.24"]
[SourceVersion "1"]
[SourceVersionDate "2008.06.24"]
[SourceQuality "1"]

1. e4 c5 2. Nf3 d5 3. exd5 Qxd5 4. Nc3 Qe6+ 5. Be2 Qg6 6. 0-0 Bh3 7. Ne1 Nf6 8. d4 cxd4 9. Nb5 Na6 10. Qxd4 Bd7 11. Nxa7 Qe4 12. Qxe4 Nxe4 13. Be3 Nb4 14. c4 e6 15. a3 Nc6 16. Nb5 Rc8 17. Rd1 Ne5 18. Nf3 Ng4 19. Bd4 Bc5 20. Bxc5 Bxb5 21. Bb4 Ba4 22. Rd4 f5 23. h3 Nh6 24. Bd1 Bxd1 25. Rfxd1 Nf6 26. b3 Nf7 27. Re1 Ne4 28. Nd2 Rd8 29. Rxd8+ Kxd8 30. Nxe4 fxe4 31. Rxe4 Re8 32. Rh4 h6 33. Rf4 Ng5 34. Bc3 e5 35. Rg4 Re7 36. h4 Ne6 37. Bxe5 b6 38. f4 h5 39. Rg3 Rf7 40. Rd3+ Ke8 41. Rd6 Nxf4 42. Rxb6 Ne2+ 43. Kh2 Re7 44. Rb5 Nc1 45. Bg3 Re6 46. b4 g6 47. Re5 Rxe5 48. Bxe5 Nd3 49. Bd4 Nc1 50. a4 Nb3 51. Be3 1-0

[Event "IECC TH-M email"]
[Site "IECC email"]
[Date "2003.03.24"]
[Round "?"]
[White "Phillips, Gordon"]
[Black "Embrechts, Wim"]
[Result "1-0"]
[WhiteElo "1432"]
[BlackElo "1163"]
[PlyCount "22"]
[EventDate "2003.??.??"]
[EventType "match (corr)"]
[EventRounds "2"]
[SourceTitle "Corr 2008"]
[Source "ChessBase"]
[SourceDate "2008.06.24"]
[SourceVersion "1"]
[SourceVersionDate "2008.06.24"]
[SourceQuality "1"]

1. e4 c6 2. d4 d5 3. exd5 cxd5 4. Bd3 Nc6 5. c3 e5 6. dxe5 Nxe5 7. Bb5+ Nc6 8. Nf3 Bc5 9. 0-0 Qb6 10. Qe2+ Nge7 11. Nbd2 0-0 1-0

[Event "IECC TH-M email"]
[Site "IECC email"]
[Date "2003.03.17"]
[Round "?"]
[White "Thommen, John Arthur"]
[Black "Embrechts, Wim"]
[Result "1-0"]
[WhiteElo "1591"]
[BlackElo "1249"]
[PlyCount "35"]
[EventDate "2003.??.??"]
[EventType "match (corr)"]
[EventRounds "2"]
[SourceTitle "Corr 2008"]
[Source "ChessBase"]
[SourceDate "2008.06.24"]
[SourceVersion "1"]
[SourceVersionDate "2008.06.24"]
[SourceQuality "1"]

1. e4 c6 2. d4 d5 3. Nc3 dxe4 4. Nxe4 Nf6 5. Nxf6+ exf6 6. Bf4 Qe7+ 7. Qe2 Be6 8. a3 Nd7 9. 0-0-0 0-0-0 10. Qa6 Nb8 11. Qxa7 Kd7 12. d5 Bxd5 13. Rxd5+ cxd5 14. Bb5+ Nc6 15. Qxb7+ Ke6 16. Qxc6+ Kf5 17. Ne2 Qc5 18. Bd3+ 1-0

[Event "IECC CL6-2003.05 email"]
[Site "IECC email"]
[Date "2003.03.01"]
[Round "?"]
[White "Jensen, Jeff"]
[Black "Embrechts, Wim"]
[Result "1-0"]
[WhiteElo "1441"]
[BlackElo "1215"]
[PlyCount "47"]
[EventDate "2003.??.??"]
[EventType "tourn (corr)"]
[EventRounds "4"]
[SourceTitle "Corr 2008"]
[Source "ChessBase"]
[SourceDate "2008.06.24"]
[SourceVersion "1"]
[SourceVersionDate "2008.06.24"]
[SourceQuality "1"]

1. e4 e5 2. Nf3 d5 3. exd5 Qxd5 4. Nc3 Qa5 5. Bc4 f6 6. 0-0 Nc6 7. d4 Bg4 8. h3 Bh5 9. dxe5 Rd8 10. Bd2 Bxf3 11. gxf3 fxe5 12. Ne4 Qb6 13. c3 Nf6 14. Qc2 Nxe4 15. fxe4 Be7 16. Be3 Bc5 17. Bxc5 Qxc5 18. Qe2 Rf8 19. Rad1 Qe7 20. Bb5 Qg5+ 21. Kh1 Rxd1 22. Rxd1 Qh4 23. Bxc6+ bxc6 24. Qd3 1-0

[Event "IECC CL6-2003.04 email"]
[Site "IECC email"]
[Date "2003.02.21"]
[Round "?"]
[White "Laliga, Jose Olivier"]
[Black "Embrechts, Wim"]
[Result "1-0"]
[WhiteElo "1352"]
[BlackElo "1224"]
[PlyCount "59"]
[EventDate "2003.??.??"]
[EventType "tourn (corr)"]
[EventRounds "4"]
[SourceTitle "Corr 2008"]
[Source "ChessBase"]
[SourceDate "2008.06.24"]
[SourceVersion "1"]
[SourceVersionDate "2008.06.24"]
[SourceQuality "1"]

1. d4 d5 2. Bf4 Nc6 3. e3 Bf5 4. Bd3 e6 5. Bxf5 exf5 6. Qd3 g6 7. Nf3 Nb4 8. Qb5+ c6 9. Qxb7 Qc8 10. Qxc8+ Rxc8 11. Kd1 f6 12. h4 h5 13. Nbd2 Nh6 14. a3 Na6 15. c4 Nc7 16. Rc1 Rh7 17. Ke2 Ng4 18. Ne1 dxc4 19. Nxc4 Nd5 20. Nd3 Rd7 21. b4 Ndxe3 22. fxe3 Rd5 23. Na5 Kd7 24. Rc3 Re8 25. Nxc6 Rc8 26. Rhc1 Ke6 27. Nxa7 Rxc3 28. Rxc3 Rd7 29. Nb5 Ke7 30. Rc8 1-0

[Event "IECC TH-M email"]
[Site "IECC email"]
[Date "2003.02.08"]
[Round "?"]
[White "Lafargue, Philippe"]
[Black "Embrechts, Wim"]
[Result "0-1"]
[WhiteElo "894"]
[BlackElo "1219"]
[PlyCount "52"]
[EventDate "2003.??.??"]
[EventType "match (corr)"]
[EventRounds "2"]
[SourceTitle "Corr 2008"]
[Source "ChessBase"]
[SourceDate "2008.06.24"]
[SourceVersion "1"]
[SourceVersionDate "2008.06.24"]
[SourceQuality "1"]

1. e4 c6 2. d4 d5 3. e5 Bf5 4. Bd3 e6 5. Bxf5 exf5 6. Nf3 Nd7 7. Bg5 Qb6 8. b3 h6 9. Bd2 0-0-0 10. Qe2 Re8 11. 0-0 Ne7 12. Nc3 Ng6 13. Na4 Qb5 14. c4 dxc4 15. Qxc4 Qxc4 16. bxc4 c5 17. Rfb1 cxd4 18. Rb5 Ngxe5 19. Nxe5 Rxe5 20. Rxe5 Nxe5 21. Bf4 Nd3 22. Rb1 Nxf4 23. g3 Ne2+ 24. Kg2 Nc3 25. Nxc3 dxc3 26. h3 Ba3 0-1

[Event "IECC CL6-2002.33"]
[Site "IECC email"]
[Date "2002.11.11"]
[Round "?"]
[White "Embrechts, Wim"]
[Black "Wey, Geoffrey"]
[Result "1/2-1/2"]
[WhiteElo "1209"]
[BlackElo "1349"]
[PlyCount "78"]
[EventDate "2002.??.??"]
[EventType "tourn (corr)"]
[EventRounds "4"]
[SourceTitle "Corr 2008"]
[Source "ChessBase"]
[SourceDate "2008.06.24"]
[SourceVersion "1"]
[SourceVersionDate "2008.06.24"]
[SourceQuality "1"]

1. e4 e6 2. d4 d5 3. Nc3 Bb4 4. Nf3 dxe4 5. Ne5 Nf6 6. Bc4 Nbd7 7. 0-0 0-0 8. a3 Bxc3 9. bxc3 Nxe5 10. dxe5 Qxd1 11. Rxd1 Nd7 12. Bf4 Nc5 13. Rab1 b6 14. Rd4 Bb7 15. Bg5 h6 16. Be7 Rfe8 17. Bh4 Na4 18. Rb3 Nc5 19. Rb1 a6 20. Kf1 Na4 21. Rb3 b5 22. Be2 c5 23. Rd6 c4 24. Bxc4 Rac8 25. Be2 Nxc3 26. Rd7 Bd5 27. Rb2 Nxe2 28. Kxe2 Rc3 29. Bd8 Rxa3 30. h4 e3 31. fxe3 Bxg2 32. Bb6 Rc3 33. Bd4 Rc6 34. Kd3 Bf1+ 35. Kd2 Ra8 36. Kd1 a5 37. c3 a4 38. Rf2 Bc4 39. Rfxf7 a3 1/2-1/2

[Event "IECC O email"]
[Site "IECC email"]
[Date "2002.08.13"]
[Round "?"]
[White "Embrechts, Wim"]
[Black "Wood, Mark D"]
[Result "1-0"]
[WhiteElo "1192"]
[BlackElo "1350"]
[PlyCount "49"]
[EventDate "2002.??.??"]
[EventType "tourn (corr)"]
[EventRounds "6"]
[SourceTitle "Corr 2008"]
[Source "ChessBase"]
[SourceDate "2008.06.24"]
[SourceVersion "1"]
[SourceVersionDate "2008.06.24"]
[SourceQuality "1"]

1. e4 e5 2. d3 Nc6 3. Nf3 a6 4. Bd2 b5 5. Nc3 d6 6. Be2 Be7 7. 0-0 Nh6 8. a4 0-0 9. axb5 Nb4 10. Ra4 a5 11. d4 Bd7 12. dxe5 dxe5 13. Nxe5 Bc5 14. Be3 Bxe3 15. fxe3 Qg5 16. Nxd7 Qxe3+ 17. Kh1 Qg5 18. Nxf8 Rd8 19. Nd7 Nd5 20. Nxd5 Rxd7 21. Nf6+ gxf6 22. Qxd7 Qe3 23. Qd8+ Kg7 24. Qxf6+ Kf8 25. Rd1 1-0

[Event "IECC KO email"]
[Site "IECC email"]
[Date "2002.08.03"]
[Round "?"]
[White "Embrechts, Wim"]
[Black "Torre, Leandro"]
[Result "0-1"]
[WhiteElo "1240"]
[BlackElo "1397"]
[PlyCount "90"]
[EventDate "2002.??.??"]
[EventType "tourn (corr)"]
[EventRounds "6"]
[SourceTitle "Corr 2008"]
[Source "ChessBase"]
[SourceDate "2008.06.24"]
[SourceVersion "1"]
[SourceVersionDate "2008.06.24"]
[SourceQuality "1"]

1. d4 Nf6 2. Nf3 g6 3. c4 Bg7 4. Nc3 0-0 5. e4 d6 6. Bg5 h6 7. Bxf6 Bxf6 8. Nd5 Bg7 9. Qb3 c6 10. Nc3 Nd7 11. Be2 e5 12. dxe5 Nxe5 13. 0-0 Nxf3+ 14. Bxf3 Be5 15. Rad1 Qh4 16. g3 Qf6 17. Rd3 Be6 18. a4 b6 19. Rfd1 Rfe8 20. Bg2 g5 21. R3d2 Rad8 22. f3 Rb8 23. Ne2 b5 24. axb5 cxb5 25. f4 gxf4 26. gxf4 Bxf4 27. Rf1 Bxc4 28. Qc2 Be3+ 29. Kh1 Qe6 30. Nd4 Bxd4 31. Rxd4 Bxf1 32. Bxf1 Qf6 33. Rd1 Rbc8 34. Qg2+ Qg5 35. b4 Qxg2+ 36. Bxg2 Rc4 37. h4 Rxb4 38. Rxd6 Re6 39. Rd8+ Kg7 40. Kh2 Rb2 41. Kh1 Rf6 42. Rd3 Rff2 43. Rg3+ Kf8 44. Bh3 a5 45. Kg1 Rfc2 0-1

[Event "IECC O email"]
[Site "IECC email"]
[Date "2002.07.11"]
[Round "?"]
[White "Embrechts, Wim"]
[Black "Torre, Leandro"]
[Result "0-1"]
[WhiteElo "1277"]
[BlackElo "1376"]
[PlyCount "60"]
[EventDate "2002.??.??"]
[EventType "tourn (corr)"]
[EventRounds "6"]
[SourceTitle "Corr 2008"]
[Source "ChessBase"]
[SourceDate "2008.06.24"]
[SourceVersion "1"]
[SourceVersionDate "2008.06.24"]
[SourceQuality "1"]

1. e4 d5 2. e5 c5 3. d4 Nc6 4. Nf3 cxd4 5. Nxd4 Nxe5 6. Bb5+ Bd7 7. 0-0 Nf6 8. Re1 Bxb5 9. Nxb5 Ng6 10. N1c3 e6 11. Be3 a6 12. Nd4 Bb4 13. Bg5 Bxc3 14. bxc3 0-0 15. Rb1 b5 16. Qd3 Rc8 17. a4 bxa4 18. Qxa6 Ra8 19. Qd3 h6 20. Bxf6 Qxf6 21. Rb7 Nf4 22. Qd1 Rfc8 23. g3 Nh3+ 24. Kg2 Nxf2 25. Qh5 Rxc3 26. Rf1 Qxd4 27. Qxf7+ Kh8 28. Qxf2 Qe4+ 29. Kg1 Rxc2 30. Re1 Rxf2 0-1

[Event "IECC O email"]
[Site "IECC email"]
[Date "2002.03.25"]
[Round "?"]
[White "Flores, Pablo"]
[Black "Embrechts, Wim"]
[Result "1-0"]
[WhiteElo "1442"]
[BlackElo "1293"]
[PlyCount "40"]
[EventDate "2002.??.??"]
[EventType "tourn (corr)"]
[EventRounds "6"]
[SourceTitle "Corr 2008"]
[Source "ChessBase"]
[SourceDate "2008.06.24"]
[SourceVersion "1"]
[SourceVersionDate "2008.06.24"]
[SourceQuality "1"]

1. e4 d5 2. exd5 Nf6 3. d4 Nxd5 4. c4 Nf6 5. Nf3 e6 6. Bg5 Bb4+ 7. Nbd2 0-0 8. a3 Bxd2+ 9. Qxd2 h6 10. Bh4 Nbd7 11. Bd3 c5 12. g4 Qb6 13. g5 hxg5 14. Bxg5 cxd4 15. h4 e5 16. Bxf6 Qxf6 17. Ng5 Nc5 18. Bc2 b6 19. b4 d3 20. Bxd3 e4 1-0

[Event "IECC O email"]
[Site "IECC email"]
[Date "2002.03.11"]
[Round "?"]
[White "Balacco, Giovanni"]
[Black "Embrechts, Wim"]
[Result "1-0"]
[WhiteElo "1450"]
[BlackElo "1301"]
[PlyCount "61"]
[EventDate "2002.??.??"]
[EventType "tourn (corr)"]
[EventRounds "6"]
[SourceTitle "Corr 2008"]
[Source "ChessBase"]
[SourceDate "2008.06.24"]
[SourceVersion "1"]
[SourceVersionDate "2008.06.24"]
[SourceQuality "1"]

1. e4 e5 2. Bc4 d6 3. Nf3 Be7 4. d4 Nc6 5. dxe5 dxe5 6. Qxd8+ Bxd8 7. Nc3 Nf6 8. Be3 Nd4 9. Nxd4 exd4 10. Bxd4 0-0 11. 0-0-0 Re8 12. e5 Nd7 13. Rhe1 Bg5+ 14. Kb1 Nb6 15. Bb3 h6 16. Nb5 Bd8 17. Bc5 Be6 18. Bxb6 axb6 19. Bxe6 Rxe6 20. Rd7 c6 21. Red1 cxb5 22. Rxd8+ Re8 23. Rxa8 Rxa8 24. b4 Ra4 25. Rd8+ Kh7 26. c3 h5 27. Rf8 Kg6 28. f4 h4 29. g4 hxg3 30. hxg3 Kf5 31. Rxf7+ 1-0